The implementation of the notary-based scheme into the blockchain

Salvato in:
Dettagli Bibliografici
Autore principale: Čučvara, Daniel (Autore)
Altri autori: Bahar, Muhammad Nasim (Relatore della tesi)
Natura: Manoscritto Libro
Lingua:slovacco
inglese
Pubblicazione: 2024
Soggetti:
Accesso online:http://is.stuba.sk/zp/portal_zp.pl?podrobnosti=162631
Tags: Aggiungi Tag
Nessun Tag, puoi essere il primo ad aggiungerne!!

MARC

LEADER 00000ntm a22000003a 4500
001 stuzp92411
003 SK-STU
005 20240615210319.8
007 ta
008 150427s2015----xo-----f-mn---000-0-slo-d
040 |a STU  |b slo 
041 0 |a eng 
100 1 |a Čučvara, Daniel  |u 070400  |4 aut  |U FIIT Fakulta informatiky a informačných technológií  |T FIIT Ústav počítačového inžinierstva a aplikovanej informatiky  |X 110781  |U I400  |Y 672  |7 110781 
242 0 1 |a Implementácia notárskej schémy na blockchaine  |y slo 
245 1 0 |a The implementation of the notary-based scheme into the blockchain 
260 |c 2024 
650 4 |a dedičstvo  |2 slo 
650 4 |a blockchain  |2 slo 
650 4 |a dapp  |2 slo 
650 4 |a notary-based  |2 eng 
650 4 |a blockchain  |2 eng 
650 4 |a dapp  |2 eng 
700 1 |a Bahar, Muhammad Nasim  |u 070400  |k Z3  |4 ths  |U FIIT Fakulta informatiky a informačných technológií  |T FIIT Ústav počítačového inžinierstva a aplikovanej informatiky  |X 118056  |U I400  |Y 672  |7 118056 
856 4 |u http://is.stuba.sk/zp/portal_zp.pl?podrobnosti=162631